000 00749nam a2200253 a 4500
008
020 _a0138528721 (pbk.)
049 _aMAIN
090 _aQA76.6
_bTAN
100 1 _aTanenbaum, Andrew S.
245 1 0 _aStructured computer organization /
_cAndrew S. Tanenbaum.
250 _a3rd ed.
260 _aEnglewood Cliffs, N.J. :
_bPrentice Hall,
_cc1990.
300 _axvii, 587 p. :
_bill. ;
_c24 cm.
500 _aIncludes index.
504 _aIncludes bibliographical references.
650 0 _aComputer programming.
650 0 _aComputer organization.
907 _a.b10160504
_b20-03-12
_c22-03-05
003
005 20230123133958.0
040 _cNUST
942 _cBOOKS
_kQA76.6
_mTAN
999 _c157929
_d157929